| 000 | 00000nam##2200000za#4500 |
| 001 | 9.696279 |
| 003 | CaOODSP |
| 005 | 20210624234947 |
| 007 | cr ||||||||||| |
| 008 | 150407|2008||||xxc|||||o f|0| 0 eng|d |
| 040 | |aCaOODSP|beng |
| 043 | |an-cn--- |
| 086 | 1 |aX9-32/2008E-PDF |
| 110 | 1 |aCanada. |bParliament. |bHouse of Commons. |
| 245 | 10|aPetitions practical guide / |h[electronic resource]|cproduced by Procedural Services of the House of Commons. |
| 260 | |aOttawa - Ontario : |bHouse of Commons |cOctober 2008. |
| 300 | |a20p. |
| 590 | |a12-26-Supp|b2012-06-07 |
| 775 | 08|tPétitions - guide pratique / |w(CaOODSP)9.640399 |
| 856 | 40|ahttp://publications.gc.ca|qPDF|s2.39 MB|uhttps://publications.gc.ca/collections/collection_2012/parl/X9-32-2008-eng.pdf |